|
|
|
|
| LEADER |
01103nam a2200205 u 4500 |
| 001 |
10095276 |
| 003 |
upatras |
| 005 |
20210924115930.0 |
| 008 |
111111s1991 gr gre |
| 020 |
|
|
|a 9602410132
|
| 040 |
|
|
|a GR-PaULI
|c GR-PaULI
|
| 041 |
0 |
|
|a gre
|
| 082 |
0 |
4 |
|a 938.75
|
| 100 |
1 |
|
|a Λάμψας, Γιάννης,
|d 1921-2002
|9 6664
|
| 245 |
1 |
0 |
|a Πολιτικά αινίγματα '40-'41
|b νέα ντοκουμέντα για ένα έπος που εξελίχθηκε σε τραγωδία - τα δύο πρόσωπα του Μεταξά - το αλβανικό όραμα του Παπάγου -η πρόταση Ήντεν για το Αιγαίο - Η περίεργη εγκατάλειψη της Κρήτης
|c Γιάννη Λάμψα
|
| 852 |
|
|
|a GR-PaULI
|b ΠΑΤΡΑ
|b ΒΚΠ
|b ΑΝΤ
|k ΟΧΙΔ
|h 938.75 ΛΑΜ
|m 046262
|p 025000060547
|t 1
|
| 942 |
|
|
|2 ddc
|c BKN
|
| 952 |
|
|
|0 0
|1 0
|4 0
|6 938_750000000000000_ΛΑΜ
|7 0
|9 105326
|a LISP
|b LISP
|c DON
|d 2016-04-24
|i 046262
|l 0
|o 938.75 ΛΑΜ
|p 025000060547
|r 2016-04-24 00:00:00
|t 1
|w 2016-04-24
|y BKN
|
| 998 |
|
|
|c ΣΑΤΛΑΝΗΣ
|d 2011-11
|
| 999 |
|
|
|c 70961
|d 70961
|